|
|
|
|
| LEADER |
01212nam a2200337 a 4500 |
| 001 |
000016613 |
| 003 |
CZ BrMZK |
| 005 |
20220629102703.0 |
| 007 |
ta |
| 008 |
950101s1995 xr f l 0 cze d |
| 015 |
|
|
|a cnb000092823
|
| 020 |
|
|
|a 80-7175-005-0
|
| 040 |
|
|
|a BOA001
|b cze
|
| 043 |
|
|
|a e-xr---
|
| 072 |
|
7 |
|a 349
|x Pracovní, sociální, stavební právo. Právo životního prostředí
|2 Konspekt
|9 16
|
| 080 |
|
|
|a 349.2
|2 MRF
|
| 080 |
|
|
|a (437.3)
|2 MRF
|
| 080 |
|
|
|a (094.5)
|2 MRF
|
| 080 |
|
|
|a (0.072)
|2 MRF
|
| 100 |
1 |
|
|a Brádlerová, Libuše
|7 jx20040831011
|4 aut
|
| 245 |
1 |
0 |
|a Zákoník práce :
|b předpisy související /
|c Libuše Brádlerová a kol.
|
| 260 |
|
|
|a Praha :
|b Prospektrum,
|c 1995
|
| 300 |
|
|
|a 361 s. :
|b tab. ;
|c 20 cm
|
| 650 |
0 |
7 |
|a pracovní právo
|z Česko
|7 ph115872
|2 czenas
|
| 655 |
|
7 |
|a zákony
|7 fd133886
|2 czenas
|
| 655 |
|
7 |
|a právní předpisy
|7 fd133151
|2 czenas
|
| 655 |
|
7 |
|a komentáře
|7 fd132578
|2 czenas
|
| 910 |
|
|
|a BOA001
|b 2-1005.679
|
| 990 |
|
|
|a BK
|
| 996 |
7 |
|
|b 2610016986
|c 2-1005.679
|l MZK
|r Sklad / do 1 hodiny
|n 9
|p kup
|w 000016613
|u 000010
|a 1
|e BOA001
|j MZK50
|s A
|
| 996 |
6 |
|
|b 2610020397
|c 2-1005.679
|l MZK
|r Sklad / do 1 hodiny
|n 1
|p p.v.
|w 000016613
|u 000020
|a 1
|e BOA001
|j MZK50
|s P
|